000 01108nam0a22002291 4500
001 rc\407164
005 20260407142420.0
035 _a(NLR Aleph) 005655474
090 _a6817054
_c6817054
100 _a20030616d1987 |||y0rusy50 ca
101 0 _arus
102 _aRU
105 _aa |||||||||
200 1 _aАвтоматические комплексы и кузнечно-прессовые машины, оснащенные средствами механизации и автоматизации
_eКаталог
_fМ-во странкостр. и инструм. пром-сти СССР, Науч.-произв. об-ние по кузнеч.-прессовому оборуб. и гиб. произв. системам для обраб. давлением НПО "ЭНИКмаш"
210 _aМ.
_cВНИИТЭМР
_d1987
215 _a184 с.
_cил.
_d29
712 0 2 _a"ЭНИКмаш", науч.-произв. об-ние
_cВоронеж
_9521920
_3RU\NLR\AUTH\8810012076
801 0 _aRU
_bNLR
_gpsbo
801 1 _aRU
_bELAR
_2rusmarc
852 _aNLR
_bПт
_j36.2/492
942 _cBOOK
980 _aNB